| 000 | 01082nam a2200325 i 4500 | ||
|---|---|---|---|
| 003 | EG-GICUC | ||
| 005 | 20260504085835.0 | ||
| 008 | 260504s1968 fr a|||fr|||| 001 0 eng d | ||
| 040 |
_aEG-GiCUC _bfre _cEG-GiCUC _dEG-GiCUC _eRda |
||
| 041 | 0 | _afre | |
| 082 | 0 | 4 |
_221 _a342.0415 |
| 092 | 0 | 4 | _221 |
| 099 | _aLaw1 08 342.0415 LA . I 1968 | ||
| 100 | 1 |
_aLangrod, Georges _eAuteur |
|
| 245 | 1 | 3 |
_aL'irlande: _cGeorges Langrod; M. Clifford-vaughan. |
| 264 | 1 |
_aPairs: _bLibrairie Générale De Droit Et De Jurisprudence; _c1968. |
|
| 300 |
_a299 page : _billustration ; _c 24 cm. |
||
| 336 |
_2rda contenu _a texte |
||
| 337 |
_2rda medias _aOrdinateur |
||
| 338 |
_2 transporteur rda _a Ressource en ligne |
||
| 490 |
_3"Comment Ils Sont Gouvernés" _aGeorges Burdeau _vTome Xvi |
||
| 500 | _aComprend un index. | ||
| 546 | _aTexte en français | ||
| 650 | 1 |
_aDroit constitutionnel _2qrmak |
|
| 651 | 1 | _2qrmak | |
| 700 | 1 |
_avaughan, M. Clifford _eCo-Auteur |
|
| 856 | 4 | 0 | _uhttps://fll.law.cu.edu.eg/fulltext/bks/B08-05077.pdf |
| 905 | _a158 | ||
| 942 |
_2ddc _n0 _cBK _e21 |
||
| 999 |
_c75420 _d75420 |
||